Ο βαθμός και ο τρόπος ενσωμάτωσης των ΤΠΕ στην εκπαιδευτική διαδικασία από τους/τις πιστοποιημένους διπλωματική εργασία [μεταπτυχιακή εργασία]
Αποθηκεύτηκε σε:
| Κύριος συγγραφέας: | |
|---|---|
| Συγγραφή απο Οργανισμό/Αρχή: | |
| Άλλοι συγγραφείς: | |
| Μορφή: | Thesis Βιβλίο |
| Γλώσσα: | Greek |
| Δημοσίευση: |
2012
|
| Θέματα: | |
| Διαθέσιμο Online: | http://hdl.handle.net/11610/13915 |
| Ετικέτες: |
Προσθήκη ετικέτας
Δεν υπάρχουν, Καταχωρήστε ετικέτα πρώτοι!
|
MARC
| LEADER | 00000cam a2200000 i 4500 | ||
|---|---|---|---|
| 001 | 1/23479 | ||
| 008 | 121019s2012 gre d | ||
| 035 | |l 10113252 | ||
| 040 | |a GR-MY-UA |b gre |e aacr | ||
| 041 | 0 | |a gre | |
| 082 | 0 | |a 371.33 |2 (22) | |
| 100 | 1 | |a Τσουλής, Μιλτιάδης. | |
| 245 | 1 | 2 | |a Ο βαθμός και ο τρόπος ενσωμάτωσης των ΤΠΕ στην εκπαιδευτική διαδικασία από τους/τις πιστοποιημένους/νες εκπαιδευτικούς πρωτοβάθμιας εκπαίδευσης Β' επιπέδου στις ΤΠΕ ανά φύλο : |b διπλωματική εργασία [μεταπτυχιακή εργασία] / |c Τσουλής Μιλτιάδης ; επιβλέπων: Τσολακίδης Κωνσταντίνος |
| 260 | |c 2012 | ||
| 300 | |a 211 σ.; |b πιν.; |c 30 εκ. | ||
| 500 | |a Μέλη εξεταστικής επιτροπής: Βιτσιλάκη Χρυσή, Φώκιαλη Πέρσα | ||
| 502 | |a Διατριβή (μεταπτυχιακή) – Πανεπιστήμιο Αιγαίου, Ρόδος, 2012. | ||
| 504 | |a Βιβλιογραφία: σ. 118-133 | ||
| 650 | 0 | 0 | |a Education |x Effect of technological innovations on. |
| 650 | 0 | 0 | |a Gender identity in education. |
| 650 | 0 | 0 | |a Distance education. |
| 650 | 0 | 0 | |a Education |x Data processing |x Study and teaching (Primary) |z Greece. |
| 650 | 0 | 0 | |a Dissertations, Academic |z Greece. |
| 700 | 1 | |a Τσολακίδης, Κωνσταντίνος. |4 ths | |
| 710 | 1 | |a Πανεπιστήμιο Αιγαίου |b Σχολή Ανθρωπιστικών Επιστημών |b Τμήμα Επιστημών της Προσχολικής Αγωγής και του Εκπαιδευτικού Σχεδιασμού |b Πρόγραμμα Μεταπτυχιακών Σπουδών Φύλο και Νέα Εκπαιδευτικά και Εργασιακά Περιβάλλοντα στην Κοινωνία της Πληροφορίας. | |
| 852 | |a INST |b RHODES |c DIATR |e 20121019 |h 371.33 ΤΣΟ |p 005400034593 |q 005400034593 |t MTXE |y 23 | ||
| 852 | |a INST |b RHODES |c DIATR |e 20121019 |h 371.33 ΤΣΟ |p 005400034594 |q 005400034594 |t MTXE |y 23 | ||
| 856 | |u http://hdl.handle.net/11610/13915 | ||
| 901 | |a BIBL4-2012-3 | ||
| 909 | |a Ρ |b 171230 | ||
| 909 | |a Ρ |b 171231 | ||
| 924 | |a ΤΣΟΥΛΗΣ |b ΜΙΛΤΙΑΔΗΣ |y ΡΟΔΟΣ |z 2012 | ||
| 970 | |z 2012/10/19 | ||